Normal view
MARC view
- Schaffer, James.P Saxena, Ashok Antolovich, Stephen.D
Entry Personal Name
001 - CONTROL NUMBER
- control field: 78696
003 - CONTROL NUMBER IDENTIFIER
- control field: NUST
005 - DATE AND TIME OF LATEST TRANSACTION
- control field: 20210628210236.0
008 - FIXED-LENGTH DATA ELEMENTS
- fixed length control field: 210628|| aca||aabn | a|a d
040 ## - CATALOGING SOURCE
- Original cataloging agency: NUST
- Transcribing agency: NUST
100 ## - HEADING--PERSONAL NAME
- Personal name: Schaffer, James.P Saxena, Ashok Antolovich, Stephen.D
670 ## - SOURCE DATA FOUND
- Source citation: Work cat.: (NUST): Schaffer, James.P Saxena, Ashok Antolovich, Stephen.D, The science and design of engineering materials, 1995
